[Event "GER Seniors Derby 01st"]
[Site "Germany"]
[Date "2002.08.16"]
[Round "3"]
[White "Heyer, Dieter"]
[Black "Keller, Manfred1111"]
[Result "0-1"]
[WhiteElo "1410"]
[BlackElo "1742"]
[PlyCount "74"]
[EventDate "2002.08.??"]
[EventType "swiss"]
[EventRounds "7"]
[EventCountry "GER"]
[SourceTitle "EXT 2006"]
[Source "ChessBase"]
[SourceDate "2005.11.24"]
[SourceVersion "1"]
[SourceVersionDate "2005.11.24"]
[SourceQuality "1"]

1. d4 Nf6 2. Bf4 g6 3. c4 d5 4. c5 Bg7 5. Nc3 c6 6. b4 a6 7. e3 Bf5 8. Nf3 Nh5 9. Nh4 Be6 10. Be2 Nxf4 11. exf4 Bd7 12. 0-0 0-0 13. Rc1 e5 14. Nf3 e4 15. Ne5 f6 16. Nxd7 Nxd7 17. a4 Qc7 18. g3 f5 19. b5 axb5 20. axb5 Nf6 21. b6 Qd7 22. Qb3 Ra5 23. Rcd1 Rfa8 24. f3 Ra3 25. Qc2 h6 26. g4 exf3 27. Bxf3 Ne4 28. Bxe4 fxe4 29. f5 gxf5 30. Rxf5 Ra1 31. Qd2 Qe7 32. Rxa1 Rxa1+ 33. Kg2 Qh4 34. Qf4 Ra3 35. Rh5 Qe1 36. Rxh6 Rxc3 37. Qb8+ Bf8 0-1

[Event "GER Seniors Derby 01st"]
[Site "Germany"]
[Date "2002.08.15"]
[Round "2"]
[White "Warneke, Claus"]
[Black "Heyer, Dieter"]
[Result "1-0"]
[WhiteElo "1684"]
[BlackElo "1410"]
[PlyCount "97"]
[EventDate "2002.08.??"]
[EventType "swiss"]
[EventRounds "7"]
[EventCountry "GER"]
[SourceTitle "EXT 2006"]
[Source "ChessBase"]
[SourceDate "2005.11.24"]
[SourceVersion "1"]
[SourceVersionDate "2005.11.24"]
[SourceQuality "1"]

1. Nf3 d5 2. d4 Nc6 3. Bf4 e6 4. e3 Nf6 5. Nbd2 Be7 6. Bb5 Bd7 7. 0-0 a6 8. Bxc6 Bxc6 9. Ne5 Bd6 10. Nxc6 bxc6 11. Qf3 Bxf4 12. Qxf4 0-0 13. c4 Qd6 14. Qxd6 cxd6 15. Rfc1 Rab8 16. b3 Ne4 17. Nf1 c5 18. f3 Nf6 19. dxc5 dxc4 20. Rxc4 d5 21. Rc3 Rfc8 22. a3 Rc6 23. b4 Nd7 24. Nd2 e5 25. Nb3 Rb5 26. Rd1 Nb6 27. Na5 Rc8 28. Rcd3 Nc4 29. Nxc4 dxc4 30. Rc3 a5 31. Rxc4 f6 32. Kf2 Rc6 33. Rd6 Rxd6 34. cxd6 Rd5 35. Rc5 Rxd6 36. Rxa5 Rd3 37. e4 Rd7 38. Ke3 Kf7 39. Rb5 g5 40. Rd5 Ra7 41. Rd3 Ke6 42. b5 Rb7 43. Rb3 Kd6 44. a4 Kc5 45. b6 Kc6 46. Kd2 Rb8 47. Kc3 Kb7 48. a5 Ka6 49. Kb4 1-0